Lista światowego dziedzictwa UNESCO w Polsce - Statystyki

Ogólne statystyki
  • Ten quiz został rozwiązany 378 razy
    215 od ostatniego zresetowania
  • Średni wynik to 11 z 17
Statystyki odpowiedzi
Rok Obiekt % Poprawnych
1978 Stare Miasto w Krakowie
89%
1980 Stare Miasto w Warszawie
87%
1978 Królewskie Kopalnie Soli w Wieliczce i Bochni
80%
1992 Stare Miasto w Zamościu
79%
2006 Hala Stulecia we Wrocławiu
76%
1979 Auschwitz-Birkenau. Niemiecki nazistowski obóz koncentracyjny i zagłady (1940–1945)
75%
1979 Białowieski Park Narodowy
74%
1997 Zamek w Malborku
73%
1997 Średniowieczny zespół miejski Torunia
70%
2004 Park Mużakowski
60%
2001 Kościoły Pokoju w Jaworze i Świdnicy
56%
2003 Drewniane kościoły południowej Małopolski w Binarowej, Bliznem, Dębnie, Haczowie, Lipnicy Murowanej i Sękowej
55%
1999 Manierystyczny zespół architektoniczno-krajobrazowy oraz park pielgrzymkowy w Kalwarii Zebrzydowskiej
54%
2013 Drewniane cerkwie regionu karpackiego w Brunarach, Chotyńcu, Kwiatoniu, Owczarach, Powroźniku, Radrużu, Smolniku, Turzańsku
51%
2017 Kopalnia rud ołowiu, srebra i cynku wraz z systemem gospodarowania wodami podziemnymi w Tarnowskich Górach
35%
2019 Krzemionki – pradziejowe kopalnie krzemienia
34%
2021 Pradawne i pierwotne lasy bukowe Karpat i innych regionów Europy
15%
Nie znaleziono quizów pasujących do podanych kryteriów
Rozkład punktacji
Procent ludzi z każdym wynikiem
Percentyl według liczby udzielonych odpowiedzi
Twoja historia wyników
Nie rozwiązałeś tego quizu od ostatniego zresetowania